banner-ar

تاريخ الحكماء / (Record no. 59298)

MARC details
000 -الفاتح
حقل البيانات ثابتة الطول 00792nam a2200193Ia 4500
008 - عناصر البيانات ثابتة الطول - معلومات عامة
حقل البيانات ثابتة الطول 140319s9999 xx 000 0 ara d
040 ## - مصدر الفهرسة
وكالة الفهرسة الأصلية GCL /
وكالة النسخ GCL
082 04 - رقم تصنيف ديوى العشرى
رقم التصنيف م
رقم المادة 928
-- ق ت
100 1# - المدخل الرئيسى - إسم شخصى
الإسم الشخصى القفطى : جمال الدين ابو الحسن على بن يوسف بن ابراهيم بن عبدالواحد بن موسى الشيبانى
245 10 - بيان العنوان
العنوان تاريخ الحكماء /
بيان المسئوليه,etc القفطى : جمال الدين ابو الحسن على بن يوسف بن ابراهيم بن عبدالواحد بن موسى الشيبانى
300 ## - الوصف المادى
التعداد متعدد
490 ## - بيان السلسلة
عنوان السلسلة شكاوى المصرى الفصيح
رقم المجلد/ التعيين التسلسلي 0
650 04 - المدخل الاضافى بالموضوع-مصطلح موضوعى
مصطلح موضوعي الادب
650 04 - المدخل الاضافى بالموضوع-مصطلح موضوعى
مصطلح موضوعي التراجم
650 04 - المدخل الاضافى بالموضوع-مصطلح موضوعى
مصطلح موضوعي الادباء
942 ## - عناصر المدخل الإضافي( كوها)
مصدر التصنيف او مخطط الترفيف Dewey Decimal Classification
Koha [default] item type المراجع
260 ## - PUBLICATION, DISTRIBUTION, ETC. (IMPRINT)
-- [S.N] :
-- مؤسسة الخانجى
Holdings
حالة التراجع حالة الفقد حالة تلف ليس للاعارة المكان المؤقت الموقع الحالى تاريخ الاكتساب اجمالي اﻻعارات رقم الطلب الباركود تاريخ اخر مشاهدة تاريخ تفعيل السعر نوع وعاء كوها
        مكتبة القاهرة الكبرى مكتبة القاهرة الكبرى 03/26/2014   م\928\ق ت 154009 03/26/2014 03/26/2014 المراجع

Powered By

EGPV